Normal view MARC view
  • WAR PSYCHOLOGICAL ASPECTS

Entry Topical Term

Number of records used in: 1

001 - CONTROL NUMBER

  • control field: 64198

003 - CONTROL NUMBER IDENTIFIER

  • control field: NUST

005 - DATE AND TIME OF LATEST TRANSACTION

  • control field: 20210628203234.0

008 - FIXED-LENGTH DATA ELEMENTS

  • fixed length control field: 210628|| aca||aabn | a|a d

040 ## - CATALOGING SOURCE

  • Original cataloging agency: NUST
  • Transcribing agency: NUST

150 ## - HEADING--TOPICAL TERM

  • Topical term or geographic name entry element: WAR PSYCHOLOGICAL ASPECTS

670 ## - SOURCE DATA FOUND

  • Source citation: Work cat.: (NUST): Leshan, Lawrence 64197, The psychology of war, comprehending its mystique and its madness, 2002
© 2023 Central Library, National University of Sciences and Technology. All Rights Reserved.